Cómo motivar al alumno de primaria del sistema de educación abierta (INEA) para que no abandone sus estudios /
Gespeichert in:
| 1. Verfasser: | |
|---|---|
| Format: | Abschlussarbeit Buch |
| Sprache: | Spanisch |
| Schlagworte: | |
| Tags: |
Keine Tags, Fügen Sie das erste Tag hinzu!
|
MARC
| LEADER | 00000nam^a2200000^a^4500 | ||
|---|---|---|---|
| 001 | 000181232 | ||
| 005 | 20250521000000.0 | ||
| 009 | 20260310101925.863 | ||
| 037 | |a Acervo ITESO - Biblioteca | ||
| 041 | |a ESP | ||
| 090 | |a RID. 236 | ||
| 100 | |a Reyes González, María Esmeralda |e (autor) | ||
| 245 | 1 | 0 | |a Cómo motivar al alumno de primaria del sistema de educación abierta (INEA) para que no abandone sus estudios / |c M.E. Reyes González. |
| 264 | |a Guadalajara, México : |b edición de autor, |c 2005 | ||
| 300 | |a 1 disco compacto de computadora | ||
| 336 | |a datos para computadora |b cod |2 rdacontenido | ||
| 337 | |a computadora |b c |2 rdamedio | ||
| 338 | |a disco de computadora |b cd |2 rdasoporte | ||
| 502 | |a ITESO Reporte de Servicio Social de Licenciatura en Relaciones Industriales | ||
| 649 | |a XX | ||
| 650 | |a Motivación | ||
| 650 | |a Deserción Escolar - |z Jalisco - |x Tema Principal | ||
| 650 | |a Deserción Escolar - |z México | ||
| 650 | |a Instituciones de Educación Básica | ||
| 650 | |a Educación de Adultos | ||
| 650 | |a Educación Abierta | ||
| 650 | |a Educación Primaria | ||
| 910 | |a Fondo General | ||
| 920 | |a Electrónicos - Tesis del ITESO en Disco | ||
| 905 | |a 202 | ||
| 901 | |a 0500120899 |b IT2 |c STS |u 20250521 | ||
| 902 | |a https://opac.biblio.iteso.mx/vufind/Record/000181232 | ||